Suplemento al Tratado de policía y obras públicas urbanas en el concepto de su legislación antigua y moderna / por Modesto Fossas Pi
Descripción Física:
344 p. ; 22 cm
MARC
| LEADER | 00000nam a2200000Ia 4500 | ||
|---|---|---|---|
| 001 | 14076 | ||
| 008 | 160829s1879 xx 000 0 cat d | ||
| 080 | |a D-2-55 | ||
| 100 | |a Fossas Pi, Modesto |9 24544 | ||
| 245 | |a Suplemento al Tratado de policía y obras públicas urbanas en el concepto de su legislación antigua y moderna / por Modesto Fossas Pi | ||
| 260 | |a Barcelona : |b Juan y Antonio Bastinos, |c 1879 | ||
| 300 | |a 344 p. ; |c 22 cm | ||
| 590 | |a Índex cronològic | ||
| 650 | |a Empleats |x Dret i legislació |x Espanya |x S. XIX |9 24545 | ||
| 650 | |a Espanya |x Funcionaris i empleats |x Dret i legislació |x S.XIX |9 24546 | ||
| 650 | |a Obres públiques |x Dret i legislació |x Espanya |x S. XIX |9 24547 | ||
| 901 | |a Arxiu | ||
| 942 | |n 1 | ||
| 952 | |0 0 |1 0 |4 0 |6 D255 |7 1 |9 43202 |a Arxiu |b Arxiu |d 2016-12-01 |l 0 |o D-2-55 |p 14076 |r 2016-12-01 00:00:00 |w 2016-12-01 |y ARXIU | ||
| 999 | |c 45746 |d 45746 | ||